000 00457nam a22001937a 4500
005 20260120165608.0
008 260120b |||||||| |||| 00| 0 eng d
020 _c160.00
040 _aMAIN
041 _aChinese
082 _a338.04
_bKUM
100 _aKumar, Saroj
_925976
245 _aEntrepreneurship Development
260 _aNew Delhi
_bThakur
_c2022
300 _a176
650 _aCommerce
700 _aDubey, Namrata
_925977
942 _cBK
999 _c60015
_d60015